000 00506nam a22001817a 4500
003 OSt
005 20250507110218.0
008 250507b |||||||| |||| 00| 0 eng d
020 _a9788197990724
040 _cSBCL
082 _a894.8123
_bATH-S
100 _aAthira Pushpajan
245 _aSnehadhoothan
260 _aCalicut
_bManking Litreature
_c2025
300 _a95p.
650 _2Literature & rhetoric
_aLiteratures of other languages
_vAltaic, Uralic, Hyperborean & Dravidian
942 _cBOOK
999 _c136868
_d136868